Consulto teologico sopra la permissione del meretricio, e de' lupanari: proposto alla considerazione de' veri amanti della castita /

Gespeichert in:
Bibliographische Detailangaben
Weitere Verfasser: Lai, Giampaolo
Format: Buch
Sprache:Italienisch
Veröffentlicht: Milano : La vita felice, 1994
Schriftenreihe:Il libro ritrovato ; 2
Tags: Tag hinzufügen
Keine Tags, Fügen Sie das erste Tag hinzu!

MARC

LEADER 00000nam a22000007i 4500
001 IT\ICCU\RAV\0251377
003 ItRI
005 20260115231946.0
008 950317s1994 it |||||| ||||| |||||c
020 |a 8886314159 
040 |b ita  |c importazione bologna sebina 
041 7 |a ita  |2 ISO-639-2 
082 |a 306.742  |9 ISTITUZIONI ATTINENTI ALLE RELAZIONI TRA I SESSI. Prostituzione femminile  |2 20 
245 0 0 |a Consulto teologico sopra la permissione del meretricio, e de' lupanari: proposto alla considerazione de' veri amanti della castita /  |c introduzione di Giampaolo Lai. 
260 |a Milano :  |b La vita felice,  |c 1994 
300 |a 140 p. ;  |c 17 cm 
500 |a Ripr. facs. dell'ed.:Bassano : Remondini, 1732. 
700 1 |a Lai, Giampaolo  |0 IT\ICCU\CFIV\029928 
790 1 |a Lai, Gian Paolo  |3 IT\ICCU\CFIV\029929  |z Lai, Giampaolo 
790 1 |a Lai, Gianpaolo  |3 IT\ICCU\CFIV\086203  |z Lai, Giampaolo 
830 3 |a Il libro ritrovato ;  |v 2  |0 IT\ICCU\LO1\0330952 
942 |2 ddc  |c BK  |n 0 
952 |0 0  |1 0  |4 0  |6 DOC_306_740000000000000_LAI  |7 0  |9 17837  |a BO  |b BO  |d 2026-01-15  |i 15095  |l 0  |o DOC 306.74 LAI  |p BO15095  |r 2026-01-15 23:19:46  |w 2026-01-15  |x [Sebina 5] [1 v.]  |y BK  |z 1 v. 
999 |c 15174  |d 15174